Score 0/10 Timer 00:45
5 Plays Today
Clue 4-Letter Answer % Correct
Breakfast, lunch or dinner, for exampleMEAL
96.6%
Recover from an injuryHEAL
95.6%
Setting of Dante's InfernoHELL
93.2%
• Containing little fat •🍁 LEAN 🍁
92.5%
Cruel and maliciousMEAN
92.1%
• Provide goods for money •🍁 SELL 🍁
90.7%
Provide money under the condition that it must be repaidLOAN
89%
King of the jungleLION
84.4%
Aquatic bird, found on Canada's $1 coinLOON
78.7%
• ____ DiMucci - American singer and Rock & Roll Hall of Fame member •🍁 DION 🍁
50%

Today's Daily Dose

You're not logged in!

Compare scores with friends on all Sporcle quizzes.
OR
Log In

Sporcle TV

Today on Sporcle TV


Watch our educational content, quiz creation guides, and fun videos on Sporcle TV.

Show Comments

Extras

Top Quizzes Today


Score Distribution

Paid Content

Your Account Isn't Verified!

In order to create a playlist on Sporcle, you need to verify the email address you used during registration. Go to your Sporcle Settings to finish the process.

Report this User

Report this user for behavior that violates our Community Guidelines.

Details: